[Event "PokerStars IoM Masters 2014"]
[Site "Douglas ENG"]
[Date "2014.10.06"]
[Round "3.1"]
[White "Gormally, Daniel W"]
[Black "Vachier-Lagrave, Maxime"]
[Result "0-1"]
[WhiteTitle "GM"]
[BlackTitle "GM"]
[WhiteElo "2488"]
[BlackElo "2757"]
[WhiteFideId "406465"]
[BlackFideId "623539"]
[EventDate "2014.10.04"]

1. e4 c5 2. Nf3 d6 3. d4 cxd4 4. Nxd4 Nf6 5. Nc3 a6 6. h3 e5 7. Nb3 Be6 8. f4
Nbd7 9. Qf3 Rc8 10. f5 Bxb3 11. axb3 d5 12. exd5 e4 13. Qg3 Nh5 14. Qg5 Qxg5 15.
Bxg5 Ng3 16. Rg1 Bc5 17. Bf4 Nxf5 18. Rh1 g5 19. Bh2 O-O 20. O-O-O Rfe8 21. d6
Ne3 22. Re1 Rc6 23. Bc4 b5 24. Bd5 Nxd5 25. Nxd5 Bxd6 26. Bxd6 Rxd6 27. Ne3 Rf6
28. h4 gxh4 29. Rxh4 Nf8 30. Ng4 Rg6 31. Nh6+ Kh8 32. g4 e3 33. Nf5 e2 34. Ng3
Re3 35. Nxe2 Re4 36. Rhh1 Rge6 37. Kd2 Rxg4 38. Nc1 Rg2+ 39. Re2 Rexe2+ 40. Nxe2
Ne6 41. Ke3 Rg5 42. c4 Re5+ 43. Kf2 b4 44. Rd1 Kg7 45. Nd4 a5 46. Nxe6+ fxe6 47.
Rc1 Kf6 48. c5 Ke7 49. c6 Kd8 50. c7+ Kc8 51. Rc6 h5 52. Kf3 h4 53. Rc2 h3 54.
Kg4 Re3 55. Kf4 Rxb3 56. Ke5 Rd3 57. Kxe6 a4 0-1

[Event "PokerStars IoM Masters 2014"]
[Site "Douglas ENG"]
[Date "2014.10.06"]
[Round "3.2"]
[White "Paehtz, Elisabeth"]
[Black "Tiviakov, Sergei"]
[Result "1/2-1/2"]
[WhiteTitle "IM"]
[BlackTitle "GM"]
[WhiteElo "2477"]
[BlackElo "2668"]
[WhiteFideId "4641833"]
[BlackFideId "1008013"]
[EventDate "2014.10.04"]

1. e4 d5 2. exd5 Qxd5 3. Nc3 Qd6 4. d4 Nf6 5. Bd3 Bg4 6. Nge2 e6 7. f3 Bh5 8.
Bf4 Qd7 9. Qd2 Nc6 10. O-O-O O-O-O 11. Kb1 Bb4 12. Bb5 a6 13. Ba4 Bg6 14. Bg5
Qd6 15. Bxf6 gxf6 16. Bxc6 Qxc6 17. Qf4 Be7 18. h4 h5 19. Qe3 Bf8 20. Nf4 Rg8
21. d5 exd5 22. Nfxd5 Bc5 23. Qf4 f5 24. Rhe1 Rge8 25. Qg5 Kb8 26. a3 Ka7 27.
Rxe8 Rxe8 28. Qf4 Bd6 29. Qd4+ Kb8 30. f4 Re6 31. g3 Qc5 32. Qd2 a5 33. Ne2 c6
34. Ndc3 Bc7 35. Nd4 Re8 36. Nce2 Bb6 37. c3 Qc4 38. Nc1 a4 39. Re1 Rxe1 40.
Qxe1 Bxd4 41. cxd4 Qxd4 42. Qc3 Qxc3 43. bxc3 f6 44. Nd3 b6 45. Nb2 b5 46. c4
Kb7 47. Kc2 Kb6 48. Kc3 Bf7 49. cxb5 Kxb5 50. Nd1 Kc5 51. Ne3 Be6 52. Kd3 Ba2
53. Kc3 Bb1 54. Nc4 Bc2 55. Ne3 Be4 56. Nc4 Bd5 57. Ne3 Be6 58. Kd3 Kd6 59. Nd1
c5 60. Nc3 Bb3 61. Nb5+ Kc6 62. Nc3 1/2-1/2

[Event "PokerStars IoM Masters 2014"]
[Site "Douglas ENG"]
[Date "2014.10.06"]
[Round "3.3"]
[White "Popilski, Gil"]
[Black "Gupta, Abhijeet"]
[Result "1-0"]
[WhiteTitle "GM"]
[BlackTitle "GM"]
[WhiteElo "2493"]
[BlackElo "2640"]
[WhiteFideId "2809060"]
[BlackFideId "5010608"]
[EventDate "2014.10.04"]

1. d4 Nf6 2. c4 g6 3. g3 c6 4. Nf3 Bg7 5. Bg2 O-O 6. O-O d5 7. Qb3 dxc4 8. Qxc4
Bf5 9. Nc3 Nbd7 10. Re1 Ne4 11. Qb3 Qa5 12. Bf4 Nb6 13. Rec1 Nxc3 14. Qxc3 Qb5
15. Bf1 Nd5 16. Qd2 Qb6 17. Bg5 f6 18. Bh6 Bxh6 19. Qxh6 Qxb2 20. Re1 Be4 21.
Bh3 Kh8 22. Be6 Nc7 23. Bb3 Nd5 24. Rac1 g5 25. Bxd5 Bxd5 26. Rb1 Qc3 27. Rxb7
Bxf3 28. Reb1 Bd5 29. Rxe7 Rf7 30. Rxf7 Bxf7 31. Qxf6+ Kg8 32. Qxg5+ Bg6 33. h4
Qc2 34. Rb7 Qd1+ 35. Kg2 Qxd4 36. h5 Rf8 37. f3 Rf5 38. Qe7 Rf7 39. Rb8+ Kg7 40.
Qe8 Qd6 41. hxg6 Re7 42. Qg8+ Kh6 43. gxh7 Rxe2+ 44. Kh3 1-0

[Event "PokerStars IoM Masters 2014"]
[Site "Douglas ENG"]
[Date "2014.10.06"]
[Round "3.4"]
[White "Adams, Michael"]
[Black "Van Foreest, Jorden"]
[Result "1-0"]
[WhiteTitle "GM"]
[BlackTitle "IM"]
[WhiteElo "2758"]
[BlackElo "2466"]
[WhiteFideId "400041"]
[BlackFideId "1039784"]
[EventDate "2014.10.04"]

1. e4 e5 2. Nf3 Nc6 3. Bb5 a6 4. Ba4 Nge7 5. c3 g6 6. d4 exd4 7. cxd4 b5 8. Bc2
d5 9. exd5 Nb4 10. Bb3 Nbxd5 11. O-O Bg7 12. Bg5 Qd6 13. Nbd2 Bf5 14. Re1 O-O
15. Rc1 Rae8 16. Ne4 Bxe4 17. Rxe4 f6 18. Bf4 Qd8 19. Bxc7 Qa8 20. Rxe7 Rxe7 21.
Rc5 1-0

[Event "PokerStars IoM Masters 2014"]
[Site "Douglas ENG"]
[Date "2014.10.06"]
[Round "3.5"]
[White "Williams, Simon K"]
[Black "Sargissian, Gabriel"]
[Result "0-1"]
[WhiteTitle "GM"]
[BlackTitle "GM"]
[WhiteElo "2457"]
[BlackElo "2690"]
[WhiteFideId "404454"]
[BlackFideId "13300881"]
[EventDate "2014.10.04"]

1. d4 Nf6 2. Bg5 d5 3. Bxf6 exf6 4. e3 Bd6 5. c4 dxc4 6. Bxc4 O-O 7. Nc3 f5 8.
Qc2 Nd7 9. O-O-O Nf6 10. Nge2 a6 11. h3 g6 12. g4 b5 13. Bd3 Bb7 14. gxf5 Bxh1
15. Rxh1 c5 16. fxg6 fxg6 17. dxc5 Bxc5 18. Nf4 Qe7 19. Kb1 Bd6 20. Nfd5 Nxd5
21. Nxd5 Qe6 22. e4 Rf3 23. a4 Raf8 24. axb5 Rxf2 25. Qc6 axb5 26. Qxb5 Rb8 27.
Nb6 Qe5 0-1

[Event "PokerStars IoM Masters 2014"]
[Site "Douglas ENG"]
[Date "2014.10.06"]
[Round "3.6"]
[White "Steinberg, Nitzan"]
[Black "Howell, David W L"]
[Result "1/2-1/2"]
[WhiteTitle "IM"]
[BlackTitle "GM"]
[WhiteElo "2435"]
[BlackElo "2657"]
[WhiteFideId "2801795"]
[BlackFideId "410608"]
[EventDate "2014.10.04"]

1. e4 e5 2. Nf3 Nc6 3. Bb5 a6 4. Ba4 Nf6 5. O-O Be7 6. Re1 b5 7. Bb3 d6 8. c3
O-O 9. h3 Na5 10. Bc2 c5 11. d4 Nd7 12. Nbd2 exd4 13. cxd4 Re8 14. d5 Bf6 15.
Rb1 Nb6 16. b3 Bc3 17. Re3 b4 18. Rxc3 bxc3 19. Nf1 Nd7 20. Ng3 Nb7 21. Nh2 Nf8
22. f4 Ra7 23. Nf3 f6 24. Qd3 Qa5 25. Kh2 Nd8 26. Be3 Rb7 27. Re1 Nf7 28. Bc1
Rbe7 29. Nh4 Nh6 30. Nh5 Nf5 31. Nf3 Qxa2 32. Qxc3 Nd4 33. Nxd4 cxd4 34. Qd3 Bf5
35. Ng3 Bd7 36. Bd1 Rc8 37. Bd2 Qb2 38. Bb4 Bb5 39. Qf3 Rd7 40. Nf5 Rc3 41. Bxc3
dxc3 42. Nd4 Qd2 43. Qe3 Ng6 44. Nxb5 axb5 45. Qxd2 cxd2 46. Re2 Nxf4 47. Rxd2
Kf7 48. Rc2 Nd3 49. Rc6 Ke7 50. Rb6 b4 51. Bc2 Nc5 52. Rxb4 Ra7 53. Rc4 1/2-1/2

[Event "PokerStars IoM Masters 2014"]
[Site "Douglas ENG"]
[Date "2014.10.06"]
[Round "3.7"]
[White "Short, Nigel D"]
[Black "Raznikov, Danny"]
[Result "1-0"]
[WhiteTitle "GM"]
[BlackTitle "IM"]
[WhiteElo "2646"]
[BlackElo "2492"]
[WhiteFideId "400025"]
[BlackFideId "2811154"]
[EventDate "2014.10.04"]

1. c4 c5 2. Nf3 Nc6 3. Nc3 Nf6 4. d4 cxd4 5. Nxd4 e6 6. a3 Bc5 7. Nb3 Be7 8. e4
O-O 9. Be2 b6 10. O-O Bb7 11. Bf4 d6 12. Rc1 Rc8 13. Bg3 Ne5 14. Nd2 Qc7 15. b4
a6 16. Qb3 Qb8 17. Rfd1 Rfd8 18. Qb1 h6 19. h3 Bf8 20. f4 Ned7 21. Bf3 Qa8 22.
Bf2 Be7 23. Qd3 Qb8 24. Qe2 Bc6 25. Nb3 Bb7 26. Re1 Re8 27. Nd2 Bd8 28. e5 Bxf3
29. Nxf3 dxe5 30. fxe5 Nh7 31. Red1 Nhf8 32. Ne4 Bc7 33. Nd6 Bxd6 34. Rxd6 f6
35. Rcd1 Nxe5 36. Nxe5 fxe5 37. Rxb6 Qa8 38. c5 Ng6 39. Qxa6 Qe4 40. Qd3 1-0

[Event "PokerStars IoM Masters 2014"]
[Site "Douglas ENG"]
[Date "2014.10.06"]
[Round "3.8"]
[White "Fridman, Daniel"]
[Black "Nakar, Eylon"]
[Result "1-0"]
[WhiteTitle "GM"]
[BlackTitle "IM"]
[WhiteElo "2635"]
[BlackElo "2424"]
[WhiteFideId "11600454"]
[BlackFideId "2811111"]
[EventDate "2014.10.04"]

1. d4 Nf6 2. c4 e6 3. Nf3 b6 4. g3 Bb7 5. Bg2 Be7 6. Nc3 Ne4 7. Bd2 Bf6 8. Rc1
Bxd4 9. Nxd4 Nxc3 10. Bxc3 Bxg2 11. Rg1 Bb7 12. Qd3 O-O 13. g4 c5 14. g5 cxd4
15. Qxd4 f6 16. gxf6 g6 17. f7+ Kxf7 18. Qg7+ Ke8 19. Bb4 Qf6 20. Bxf8 Qxf8 21.
Qxh7 Nc6 22. Rxg6 Ne7 23. Rg7 Kd8 24. Rd1 Rc8 25. Rf7 Qe8 26. Qg7 1-0

[Event "PokerStars IoM Masters 2014"]
[Site "Douglas ENG"]
[Date "2014.10.06"]
[Round "3.9"]
[White "Skripchenko, Almira"]
[Black "Marin, Mihail"]
[Result "0-1"]
[WhiteTitle "IM"]
[BlackTitle "GM"]
[WhiteElo "2429"]
[BlackElo "2583"]
[WhiteFideId "13900145"]
[BlackFideId "1200020"]
[EventDate "2014.10.04"]

1. e4 e6 2. d4 d5 3. exd5 exd5 4. Nf3 Nf6 5. Bg5 Be6 6. Nbd2 Nbd7 7. Bd3 h6 8.
Bh4 g5 9. Bg3 Nh5 10. Qe2 Nxg3 11. fxg3 Bg7 12. O-O g4 13. Nh4 Bxd4+ 14. Kh1 Qg5
15. Ng6 Rg8 16. Nb3 Bb6 17. Nf4 Qe5 18. Qd1 O-O-O 19. a4 a6 20. a5 Ba7 21. c3
Nf6 22. Nd4 Bd7 23. Qc2 Ne4 24. Rad1 c5 25. Nde2 Bc6 26. b4 cxb4 27. cxb4 Rd6
28. Nc1 Rg5 29. Bxe4 dxe4 30. Nb3 e3 31. Rc1 Rf5 32. Rfe1 h5 33. Nd3 Qe4 34. Nf4
Qxc2 35. Rxc2 h4 36. Nc5 Rd2 37. Rc4 h3 38. Ne4 Rxf4 39. gxf4 hxg2+ 40. Kg1 Rd1 0-1

[Event "PokerStars IoM Masters 2014"]
[Site "Douglas ENG"]
[Date "2014.10.06"]
[Round "3.10"]
[White "Hillarp Persson, Tiger"]
[Black "Arkell, Keith C"]
[Result "0-1"]
[WhiteTitle "GM"]
[BlackTitle "GM"]
[WhiteElo "2555"]
[BlackElo "2450"]
[WhiteFideId "1700812"]
[BlackFideId "400270"]
[EventDate "2014.10.04"]

1. d4 Nf6 2. c4 e6 3. Nc3 Bb4 4. Qc2 c5 5. dxc5 Nc6 6. Nf3 Bxc5 7. Bg5 Nd4 8.
Nxd4 Bxd4 9. e3 Qa5 10. exd4 Qxg5 11. g3 Qa5 12. a3 Qc7 13. Qd3 d6 14. Bg2 Bd7
15. O-O O-O 16. Nd1 a5 17. b3 Rab8 18. Nc3 Rfc8 19. Rac1 Qb6 20. Rb1 Qa6 21. a4
d5 22. Nb5 Bc6 23. Rbc1 dxc4 24. bxc4 Bxg2 25. Kxg2 Rd8 26. Rfe1 Qc6+ 27. Qf3
Rd7 28. h3 h6 29. Rc3 Qxf3+ 30. Kxf3 Rc8 31. Re5 Rdd8 32. Re1 Kf8 33. Ke3 Ke7
34. Kd3 Nd7 35. Kc2 Nb8 36. Kb3 Kf8 37. f4 Nc6 38. Rd1 Rd7 39. d5 Nb8 40. Rcc1
Na6 41. dxe6 Nc5+ 42. Ka3 Rxd1 43. Rxd1 fxe6 44. Nc3 Ke7 45. Kb2 Rc6 46. Kc2 Rb6
47. Re1 Rc6 48. Re5 b6 49. Nd5+ Kd6 50. Nc3 Nd7 51. Re4 Ke7 52. g4 g5 53. Rd4
gxf4 54. Rxf4 Ne5 55. Kb3 Nd3 56. Rf3 Nc5+ 57. Kc2 Rd6 58. Rf4 Rd3 59. h4 Rh3
60. h5 Rh2+ 61. Kd1 Rg2 62. Rd4 Kf6 63. Rd6 Rg3 64. Nb5 Rd3+ 65. Ke2 Rxd6 66.
Nxd6 Nxa4 67. Ne4+ Kg7 68. g5 hxg5 69. Nxg5 Nc5 70. Nh3 Kh6 71. Nf4 Kg5 72. Ke3
a4 73. Ne2 a3 74. Nc3 e5 75. Kd2 Kxh5 76. Kc2 Kg4 77. Kb1 Kf3 78. Ka2 e4 79.
Kxa3 e3 80. Kb4 e2 0-1

[Event "PokerStars IoM Masters 2014"]
[Site "Douglas ENG"]
[Date "2014.10.06"]
[Round "3.11"]
[White "Kobo, Ori"]
[Black "Greenfeld, Alon"]
[Result "1/2-1/2"]
[WhiteTitle "FM"]
[BlackTitle "GM"]
[WhiteElo "2380"]
[BlackElo "2542"]
[WhiteFideId "2812320"]
[BlackFideId "2800039"]
[EventDate "2014.10.04"]

1. e4 e5 2. Nc3 Nf6 3. g3 c6 4. Nf3 d5 5. Qe2 Bb4 6. Bg2 O-O 7. Nxe5 Re8 8. f4
dxe4 9. Nxe4 Nbd7 10. O-O Nxe5 11. fxe5 Rxe5 12. Nxf6+ gxf6 13. Qf3 Qd4+ 14. Kh1
Rf5 15. Qe2 Re5 16. Qf3 Rf5 17. Qe2 Re5 18. Qf3 1/2-1/2

[Event "PokerStars IoM Masters 2014"]
[Site "Douglas ENG"]
[Date "2014.10.06"]
[Round "3.12"]
[White "Hebden, Mark L"]
[Black "Haimovich, Tal"]
[Result "1-0"]
[WhiteTitle "GM"]
[BlackTitle "IM"]
[WhiteElo "2540"]
[BlackElo "2365"]
[WhiteFideId "400084"]
[BlackFideId "2801698"]
[EventDate "2014.10.04"]

1. d4 Nf6 2. Nf3 e6 3. Bg5 h6 4. Bh4 d6 5. c3 g5 6. Bg3 Nh5 7. e4 Bg7 8. Nfd2
Nxg3 9. hxg3 Nd7 10. Na3 Qe7 11. Nc2 a6 12. Bd3 c5 13. f4 b5 14. e5 Bb7 15. Be4
d5 16. Bd3 b4 17. cxb4 cxb4 18. Qh5 a5 19. Ne3 Ba6 20. Bxa6 Rxa6 21. Rc1 Qd8 22.
O-O O-O 23. Ng4 f5 24. Nxh6+ Bxh6 25. Qxh6 Rf7 26. Qxg5+ Qxg5 27. fxg5 Kg7 28.
Rc8 Kg6 29. Nf3 Ra7 30. Rfc1 Nf8 31. R1c6 Kg7 32. Kf2 Rfe7 33. Ke3 Ng6 34. Ne1
Nh8 35. Nd3 Ng6 36. Nf4 Kf7 37. Rd6 Nf8 38. Rdd8 Ng6 39. Rg8 1-0

[Event "PokerStars IoM Masters 2014"]
[Site "Douglas ENG"]
[Date "2014.10.06"]
[Round "3.13"]
[White "Bakalchuk, Johnatan"]
[Black "Hawkins, Jonathan"]
[Result "0-1"]
[WhiteTitle "FM"]
[BlackTitle "IM"]
[WhiteElo "2317"]
[BlackElo "2533"]
[WhiteFideId "2810301"]
[BlackFideId "412686"]
[EventDate "2014.10.04"]

1. e4 c6 2. d4 d5 3. exd5 cxd5 4. c4 Nf6 5. Nc3 g6 6. cxd5 Nxd5 7. Bc4 Nb6 8.
Bb3 Bg7 9. Nf3 O-O 10. O-O Nc6 11. Be3 Na5 12. Re1 Nxb3 13. Qxb3 Be6 14. d5 Nxd5
15. Ng5 Nxc3 16. Nxe6 fxe6 17. bxc3 Qd5 18. c4 Qc6 19. Rab1 b6 20. c5 bxc5 21.
Rbc1 Rf5 22. Rc4 Qb6 23. Rec1 Bd4 24. Rb1 Rd8 25. Qxb6 axb6 26. Bxd4 Rxd4 27.
Rxd4 cxd4 28. Rxb6 Ra5 29. Rb2 e5 30. Kf1 Kf7 31. Re2 Ke6 32. Ke1 Kd5 33. f3 g5
34. g4 Ra3 35. Rf2 e4 36. fxe4+ Kxe4 37. Re2+ Re3 38. Rxe3+ Kxe3 39. a4 Ke4 0-1

[Event "PokerStars IoM Masters 2014"]
[Site "Douglas ENG"]
[Date "2014.10.06"]
[Round "3.14"]
[White "Vaisser, Anatoly"]
[Black "Reshef, Omer"]
[Result "1-0"]
[WhiteTitle "GM"]
[BlackTitle "FM"]
[WhiteElo "2531"]
[BlackElo "2397"]
[WhiteFideId "603252"]
[BlackFideId "2804336"]
[EventDate "2014.10.04"]

1. d4 d5 2. c4 c6 3. cxd5 cxd5 4. Bf4 Nc6 5. e3 Nf6 6. Nc3 Bf5 7. Qb3 Na5 8.
Qa4+ Bd7 9. Bb5 Nc6 10. Nf3 a6 11. Bxc6 Bxc6 12. Qb3 e6 13. O-O Nh5 14. Ne5 Nxf4
15. exf4 Bd6 16. Rac1 O-O 17. g3 Qa5 18. Rfe1 Rfc8 19. a3 g6 20. Nxc6 bxc6 21.
Na4 c5 22. dxc5 Bxc5 23. Nxc5 Rxc5 24. Qe3 Rcc8 25. b4 Qb5 26. Rc3 a5 27. Rec1
Rxc3 28. Qxc3 axb4 29. axb4 Rb8 30. Qd4 Qe2 31. Kg2 h5 32. h3 Qa6 33. Rc7 Qe2
34. Rc5 Kh7 35. Rc7 Kg8 36. Rxf7 Kxf7 37. Qa7+ Kf6 38. Qxb8 Qe4+ 39. Kh2 Kf7 40.
Qc7+ Ke8 41. Qe5 Qxe5 42. fxe5 Kd7 43. f4 Kc6 44. g4 hxg4 45. hxg4 d4 46. Kg2
Kb5 47. f5 gxf5 48. gxf5 Kc4 49. fxe6 d3 50. e7 d2 51. e8=Q d1=Q 52. Qc6+ Kxb4
53. Qd6+ 1-0

[Event "PokerStars IoM Masters 2014"]
[Site "Douglas ENG"]
[Date "2014.10.06"]
[Round "3.15"]
[White "Merry, Alan B"]
[Black "Harika, Dronavalli"]
[Result "1-0"]
[WhiteTitle "FM"]
[BlackTitle "GM"]
[WhiteElo "2269"]
[BlackElo "2528"]
[WhiteFideId "418811"]
[BlackFideId "5015197"]
[EventDate "2014.10.04"]

1. d4 d5 2. Nc3 e6 3. e4 Bb4 4. e5 c5 5. a3 Bxc3+ 6. bxc3 Ne7 7. Qg4 Qc7 8. Bd3
cxd4 9. Ne2 dxc3 10. Qxg7 Rg8 11. Qxh7 Qxe5 12. h4 Nd7 13. Bf4 Qh8 14. Qxh8 Rxh8
15. Nxc3 a6 16. Bd6 f6 17. O-O-O Kf7 18. Rde1 Nc6 19. f4 f5 20. g4 fxg4 21. h5
Nf6 22. Bg6+ Kg7 23. Na4 b5 24. Nb6 Ra7 25. Nxc8 Rxc8 26. Rxe6 Ne4 27. Bf5 Rg8
28. Rg1 Kf7 29. Rh6 Ne7 30. Bxg4 Nf6 31. Rxf6+ Kxf6 32. Be5+ Kf7 33. h6 Kg6 34.
Be6+ Kh7 35. Bxg8+ Nxg8 36. Rg7+ Rxg7 37. hxg7 Ne7 38. Kd2 Nf5 39. Kc3 a5 40.
Kb3 Ne3 41. c3 Nc4 42. Bf6 Nd2+ 43. Ka2 Nc4 44. Bd4 Kg8 45. f5 Kf7 46. f6 a4 47.
Bc5 Nd2 48. Kb2 Ne4 49. Be7 Ng5 50. Kc2 Ne6 51. Kd3 Kg8 52. Bd6 Kf7 53. Be5 Kg8
54. Ke3 Kf7 55. Kf3 Nd8 56. Ke3 Ne6 57. Kd3 Kg8 58. Bg3 Kf7 59. Bf2 Kg8 60. Bb6
Kf7 61. Ke3 Kg8 62. Kf3 Ng5+ 63. Kf4 Ne4 64. Ke5 Kf7 65. Bd8 Nxc3 66. g8=Q+ Kxg8
67. Ke6 Ne4 68. f7+ Kg7 69. Be7 1-0

[Event "PokerStars IoM Masters 2014"]
[Site "Douglas ENG"]
[Date "2014.10.06"]
[Round "3.16"]
[White "Cox, John J"]
[Black "Fressinet, Laurent"]
[Result "1/2-1/2"]
[WhiteTitle "IM"]
[BlackTitle "GM"]
[WhiteElo "2368"]
[BlackElo "2713"]
[WhiteFideId "401064"]
[BlackFideId "608742"]
[EventDate "2014.10.04"]

1. d4 Nf6 2. Nf3 d5 3. c4 e6 4. Nc3 Bb4 5. cxd5 exd5 6. Bg5 Qd6 7. Bxf6 Qxf6 8.
Qa4+ Nc6 9. e3 O-O 10. Bb5 Bg4 11. Be2 Be6 12. O-O a6 13. Rac1 Bd6 14. a3 Ne7
15. b4 Nf5 16. Qc2 c6 17. Na4 Rae8 18. Nc5 Bc8 19. a4 g5 20. b5 cxb5 21. axb5 a5
22. Nd3 Qh6 23. Qa2 Ne7 24. Qxa5 g4 25. Nfe5 f6 26. Rxc8 Rxc8 27. Nxg4 Qg6 28.
Qb6 Rcd8 29. Nf4 Bxf4 30. exf4 f5 31. Qxg6+ Nxg6 32. Ne3 Nxf4 33. Bf3 Kg7 34. g3
Ne6 35. Bxd5 Nxd4 36. Bxb7 Nxb5 37. Ng2 Rd2 38. Nf4 Rb8 39. Bd5 Nc3 40. Bf3 Rbb2
41. Nh3 Nb5 42. Ra1 Nd4 43. Bd1 h6 44. Bh5 Ne6 45. Ra7+ Kf6 46. Rh7 Nc5 47.
Rxh6+ Ke5 48. Bf7 Ne4 49. Re6+ Kd4 50. Kg2 Rdc2 51. Bg6 Rc5 52. Re8 Nxf2 53.
Nxf2 Rcc2 54. Kh3 Rxf2 55. Kh4 Rxh2+ 56. Kg5 Rhg2 57. Rd8+ Ke5 58. Re8+ Kd6 59.
Re3 1/2-1/2

[Event "PokerStars IoM Masters 2014"]
[Site "Douglas ENG"]
[Date "2014.10.06"]
[Round "3.17"]
[White "Granda Zuniga, Julio E"]
[Black "Bartell, Thomas"]
[Result "1-0"]
[WhiteTitle "GM"]
[BlackTitle "IM"]
[WhiteElo "2674"]
[BlackElo "2358"]
[WhiteFideId "3800024"]
[BlackFideId "2017849"]
[EventDate "2014.10.04"]

1. e4 c6 2. Nc3 d5 3. Nf3 a6 4. d4 Bg4 5. Bd3 e6 6. Bd2 Nf6 7. Qe2 Be7 8. O-O-O
b5 9. exd5 cxd5 10. h3 Bh5 11. g4 Bg6 12. Ne5 Bxd3 13. Qxd3 Nfd7 14. f4 Nxe5 15.
fxe5 Nd7 16. Kb1 Nb6 17. Ne2 Nc4 18. Bc1 Qb6 19. Nf4 a5 20. Nh5 g6 21. Ng7+ Kd7
22. Rhf1 Raf8 23. Rf3 f6 24. exf6 Rxf6 25. Re1 Rhf8 26. Rxf6 Rxf6 27. g5 Rf2 28.
Nxe6 Qc6 29. h4 a4 30. h5 a3 31. b3 Nb2 32. Bxb2 axb2 33. Nc5+ 1-0

[Event "PokerStars IoM Masters 2014"]
[Site "Douglas ENG"]
[Date "2014.10.06"]
[Round "3.18"]
[White "Jones, Gawain C B"]
[Black "Welling, Gerard"]
[Result "1-0"]
[WhiteTitle "GM"]
[BlackTitle "IM"]
[WhiteElo "2664"]
[BlackElo "2350"]
[WhiteFideId "409561"]
[BlackFideId "1000446"]
[EventDate "2014.10.04"]

1. e4 e6 2. d4 d5 3. Nd2 c5 4. Ngf3 Nf6 5. e5 Nfd7 6. c3 Nc6 7. Bd3 cxd4 8. cxd4
f6 9. O-O fxe5 10. Nxe5 Ndxe5 11. dxe5 Nxe5 12. Qh5+ Nf7 13. Re1 a6 14. Nf3 g6
15. Qg4 Be7 16. Qg3 Bd6 17. Bf4 Bxf4 18. Qxf4 O-O 19. Qd4 Bd7 20. h4 Rc8 21.
Rad1 Rc6 22. h5 g5 23. Bb1 Nh6 24. Re5 Rc4 25. Nxg5 Qxg5 26. Bxh7+ 1-0

[Event "PokerStars IoM Masters 2014"]
[Site "Douglas ENG"]
[Date "2014.10.06"]
[Round "3.19"]
[White "Tarjan, James E"]
[Black "Wallis, Christopher"]
[Result "1/2-1/2"]
[WhiteTitle "GM"]
[BlackTitle "FM"]
[WhiteElo "2525"]
[BlackElo "2347"]
[WhiteFideId "2000180"]
[BlackFideId "3204839"]
[EventDate "2014.10.04"]

1. d4 Nf6 2. c4 e6 3. Nf3 d5 4. Nc3 Be7 5. Bf4 O-O 6. a3 b6 7. cxd5 Nxd5 8. Nxd5
exd5 9. g3 c6 10. Bg2 Bb7 11. O-O Nd7 12. Rc1 Re8 13. Re1 Bf6 14. Qd2 Nf8 15.
Bg5 Bxg5 16. Nxg5 f6 17. Nf3 Ne6 18. Bh3 Nc7 19. Rc2 Nb5 20. Rec1 Nd6 21. Qd3
Qe7 22. e3 Kh8 23. Nd2 g6 24. Qb3 c5 25. dxc5 bxc5 26. Qd3 c4 27. Qf1 Rab8 28.
Bg2 Qf7 29. Rd1 Bc6 30. b3 Bb5 31. Bxd5 Qxd5 32. bxc4 Qc6 33. Rb1 Ba6 34. Rxb8
Rxb8 35. Qd3 Nf7 36. Qd4 Rd8 37. Qxa7 Bb7 38. e4 Ne5 39. Qe3 Qa4 40. Qb6 Qxc2
41. Qxf6+ Kg8 42. Qxd8+ Kg7 43. Qe7+ Nf7 44. Qxb7 Qxd2 45. Qb4 Qd3 46. Qe7 Qxc4
47. e5 Qd4 48. e6 Qd1+ 49. Kg2 Qd5+ 1/2-1/2

[Event "PokerStars IoM Masters 2014"]
[Site "Douglas ENG"]
[Date "2014.10.06"]
[Round "3.20"]
[White "Mannion, Stephen R"]
[Black "Boruchovsky, Avital"]
[Result "0-1"]
[WhiteTitle "IM"]
[BlackTitle "GM"]
[WhiteElo "2347"]
[BlackElo "2501"]
[WhiteFideId "2400111"]
[BlackFideId "2800055"]
[EventDate "2014.10.04"]

1. e4 e5 2. Nf3 Nc6 3. Bb5 Nf6 4. O-O Nxe4 5. Qe2 Nd6 6. Bxc6 dxc6 7. Qxe5+ Qe7
8. Qa5 Qd7 9. Re1+ Be7 10. Qe5 Nf5 11. d4 O-O 12. g4 Nh4 13. Nxh4 Bxh4 14. h3 f5
15. g5 f4 16. Bxf4 Qxh3 17. Bg3 Bg4 18. Nd2 Rf5 19. Qxc7 Bxg5 20. Qxb7 Raf8 21.
Qb3+ Kh8 22. f4 Bf6 23. Bf2 Qh6 24. Qg3 Qg6 25. Ne4 Rh5 26. Ng5 Bxg5 27. Qxg4
Rxf4 28. Qg3 Rhh4 29. Kf1 h6 30. Qg2 Qxc2 0-1

[Event "PokerStars IoM Masters 2014"]
[Site "Douglas ENG"]
[Date "2014.10.06"]
[Round "3.21"]
[White "Smith, Bryan G"]
[Black "Shvayger, Yuliya"]
[Result "1/2-1/2"]
[WhiteTitle "GM"]
[BlackTitle "WIM"]
[WhiteElo "2482"]
[BlackElo "2306"]
[WhiteFideId "2017083"]
[BlackFideId "14100126"]
[EventDate "2014.10.04"]

1. e4 c5 2. Nf3 Nc6 3. Bb5 d6 4. O-O Nf6 5. e5 Nd7 6. exd6 exd6 7. Re1+ Be7 8.
Qe2 Nb6 9. d4 Be6 10. Nc3 a6 11. Bxc6+ bxc6 12. dxc5 dxc5 13. Ne5 Qc8 14. Qf3
Nd5 15. Na4 O-O 16. c4 Nb4 17. Nb6 Qb7 18. Nxa8 Nc2 19. Bd2 Nxa1 20. Rxa1 Bf6
21. Bc3 Qxa8 22. Re1 Re8 23. h3 Qc8 24. Re3 Bg5 25. Re1 Bf6 26. Qg3 Bf5 27. f4
Bxe5 28. Rxe5 Rxe5 29. Bxe5 Bg6 30. Qa3 f6 31. Bc3 Qe6 32. Qxc5 Bd3 33. b3 Bb1
34. Qf2 h6 35. Kh2 Qe4 36. Qg3 Kh7 37. a3 Qd3 38. Qxd3+ Bxd3 39. c5 Kg6 40. g4
h5 41. Kg3 hxg4 42. hxg4 Kf7 43. Kf3 g6 44. Ke3 Bc2 45. b4 Ke6 46. Kd4 1/2-1/2

[Event "PokerStars IoM Masters 2014"]
[Site "Douglas ENG"]
[Date "2014.10.06"]
[Round "3.22"]
[White "Jedynak, Radoslaw"]
[Black "Mindlin, Alon"]
[Result "1/2-1/2"]
[WhiteTitle "GM"]
[WhiteElo "2453"]
[BlackElo "2259"]
[WhiteFideId "1109243"]
[BlackFideId "2800071"]
[EventDate "2014.10.04"]

1. d4 Nf6 2. c4 e6 3. Nc3 Bb4 4. Qc2 d5 5. cxd5 exd5 6. Qa4+ Nc6 7. Bg5 h6 8.
Bxf6 Qxf6 9. e3 O-O 10. Nf3 Qg6 11. Qb3 a5 12. a3 a4 13. Qd1 Ba5 14. g3 Bg4 15.
Bg2 Ne7 16. Rc1 c6 17. h3 Bxf3 18. Bxf3 Nf5 19. Kf1 Rfe8 20. g4 Nh4 21. Be2 b5
22. Qd3 Qd6 23. Bd1 Re6 24. Bc2 g6 25. Ke2 Qf4 26. Rcf1 b4 27. axb4 Bxb4 28. Kd1
Qf3+ 29. Kc1 a3 30. Na2 c5 31. dxc5 Bxc5 32. b4 Bf8 33. Rd1 Rc6 34. Kb1 Be7 35.
Bb3 Qf6 36. Qd4 Qxf2 37. Qd2 Qf6 38. Qd4 Qf2 39. Qd2 Qf6 1/2-1/2